00444nam a2200133Ia 45000010005000000080041000050820024000461000066000702450101001362600024002375900007002619010027002689990015002951361241024s9999 xx 000 0 und d aRD/352/R426o/6-2003 aRepública Dominicana. Secretaría de Estado de Educación 0aOrdenanza 6'2003 que establece el reglamento de evaluación de los recursos para el aprendizaje bSanto Domingoc2003 asi a28/3/2011 4:46:25 p.m. c9430d9430